[Event "Kinross USSA op"]
[Site "Kinross"]
[Date "2018.07.05"]
[Round "6"]
[White "Chueu, Calvin"]
[Black "Mlungwana, Mxolisi"]
[Result "1/2-1/2"]
[WhiteElo "1582"]
[BlackElo "1438"]
[PlyCount "88"]
[EventDate "2018.07.02"]
[EventType "swiss"]
[EventRounds "9"]
[EventCountry "RSA"]
[SourceTitle "CBM 185 Extra"]
[Source "ChessBase"]
[SourceDate "2018.07.29"]
[SourceVersion "1"]
[SourceVersionDate "2018.07.29"]
[SourceQuality "1"]

1. e4 d5 2. exd5 Nf6 3. Bb5+ Bd7 4. Bc4 Bg4 5. f3 Bf5 6. Bb5+ c6 7. dxc6 bxc6 8. Ba4 e6 9. d4 Be7 10. Ne2 0-0 11. 0-0 c5 12. dxc5 Qa5 13. Nbc3 Rd8 14. Qe1 Na6 15. a3 Qxc5+ 16. Kh1 Nd5 17. Nxd5 exd5 18. c3 Bd3 19. Qd1 Qc4 20. b3 Bxe2 21. bxc4 Bxd1 22. Rxd1 dxc4 23. Rxd8+ Rxd8 24. Be3 Nc5 25. Bc2 Nb3 26. Rb1 f6 27. Kg1 Bxa3 28. Bxa7 Nc1 29. Kf1 Rd2 30. Be4 Rd1+ 31. Kf2 Nd3+ 32. Bxd3 Rxd3 33. Bd4 Rd2+ 34. Kf1 Bb2 35. Re1 Rc2 36. Re2 Rc1+ 37. Re1 Kf7 38. Rxc1 Bxc1 39. Ke2 h5 40. g4 hxg4 41. fxg4 g5 42. Kf3 Ke6 43. Ke4 Bf4 44. h3 Bc1 1/2-1/2

[Event "Pretoria Capablanca C"]
[Site "Pretoria"]
[Date "2018.04.29"]
[Round "6"]
[White "Ngakane, Dan"]
[Black "Chueu, Calvin"]
[Result "1-0"]
[WhiteElo "1671"]
[BlackElo "1617"]
[PlyCount "101"]
[EventDate "2018.04.26"]
[EventType "tourn"]
[EventRounds "9"]
[EventCountry "RSA"]
[SourceTitle "CBM 184 Extra"]
[Source "ChessBase"]
[SourceDate "2018.06.28"]
[SourceVersion "1"]
[SourceVersionDate "2018.06.28"]
[SourceQuality "1"]

1. d4 f5 2. Nc3 Nf6 3. Bg5 e6 4. e4 fxe4 5. Nxe4 Be7 6. Bxf6 Bxf6 7. Nf3 d5 8. Nxf6+ Qxf6 9. Bd3 0-0 10. Qe2 Nd7 11. c3 c5 12. 0-0 cxd4 13. cxd4 Nb8 14. Rfd1 Nc6 15. Rac1 Bd7 16. a3 Rac8 17. Bb1 Be8 18. Ne5 Qe7 19. Qd3 g6 20. Nf3 Bf7 21. Re1 Na5 22. Rxc8 Rxc8 23. Qb5 Qc7 24. h4 Nc4 25. Ba2 Nd6 26. Qb4 Ne4 27. Bb1 a5 28. Qb3 Nf6 29. Ng5 Re8 30. Qf3 Kg7 31. Qh3 Qb6 32. h5 Nxh5 33. Nxh7 Qxd4 34. Ng5 Qd2 35. Nf3 Qxb2 36. Qg4 Qxa3 37. Bxg6 Nf6 38. Qg5 Nh7 39. Bxh7+ Kxh7 40. Ne5 Qe7 41. Qf4 Bg6 42. Re3 Rf8 43. Rh3+ Kg8 44. Qg3 Qg7 45. Nxg6 b5 46. Rh8+ Qxh8 47. Nxh8+ Kxh8 48. Qe5+ Kh7 49. Qxe6 b4 50. Qxd5 Rb8 51. Qxa5 1-0

[Event "Pretoria Capablanca C"]
[Site "Pretoria"]
[Date "2018.04.28"]
[Round "3"]
[White "Cruywagen, Armand"]
[Black "Chueu, Calvin"]
[Result "1-0"]
[WhiteElo "1485"]
[BlackElo "1617"]
[PlyCount "65"]
[EventDate "2018.04.26"]
[EventType "tourn"]
[EventRounds "9"]
[EventCountry "RSA"]
[SourceTitle "CBM 184 Extra"]
[Source "ChessBase"]
[SourceDate "2018.06.28"]
[SourceVersion "1"]
[SourceVersionDate "2018.06.28"]
[SourceQuality "1"]

1. e4 c5 2. Nf3 g6 3. d3 Bg7 4. g3 e6 5. Bg2 Ne7 6. 0-0 0-0 7. Nc3 d5 8. Bd2 d4 9. Ne2 e5 10. Nh4 Nbc6 11. f4 exf4 12. Bxf4 Qb6 13. Rb1 Be6 14. a3 Ba2 15. Ra1 Qxb2 16. Qd2 b5 17. Nf3 c4 18. Qc1 Qxc1 19. Nxc1 cxd3 20. Rxa2 dxc2 21. Rxc2 Rfd8 22. Nd3 a6 23. Rfc1 Na5 24. Bc7 Nc4 25. Bxd8 Rxd8 26. a4 Nc6 27. Nd2 Bh6 28. Nxc4 Bxc1 29. Rxc1 bxc4 30. Rxc4 Na5 31. Rc7 Rd6 32. e5 Rb6 33. Bd5 1-0

[Event "Pretoria Capablanca C"]
[Site "Pretoria"]
[Date "2018.04.27"]
[Round "2"]
[White "Chueu, Calvin"]
[Black "Nhamuave, Eleazar"]
[Result "0-1"]
[WhiteElo "1617"]
[BlackElo "1602"]
[PlyCount "120"]
[EventDate "2018.04.26"]
[EventType "tourn"]
[EventRounds "9"]
[EventCountry "RSA"]
[SourceTitle "CBM 184 Extra"]
[Source "ChessBase"]
[SourceDate "2018.06.28"]
[SourceVersion "1"]
[SourceVersionDate "2018.06.28"]
[SourceQuality "1"]

1. e4 c5 2. b3 d6 3. Bb2 a6 4. Nf3 Nf6 5. e5 dxe5 6. Nxe5 e6 7. Be2 Nbd7 8. 0-0 Bd6 9. Nc4 Bc7 10. d4 cxd4 11. Qxd4 0-0 12. Nc3 e5 13. Qe3 b5 14. Bf3 Rb8 15. Nd2 Bb6 16. Qe2 Bd4 17. Nd1 Bxb2 18. Nxb2 Qc7 19. c4 Nc5 20. Ne4 Nfxe4 21. Bxe4 Ne6 22. Rac1 Qe7 23. Qh5 Ng5 24. Bb1 g6 25. Qe2 Bb7 26. cxb5 axb5 27. f4 Bxg2 28. Qxg2 exf4 29. Nd3 f3 30. Qg3 Ne4 31. Qe5 f2+ 32. Rxf2 Qxe5 33. Nxe5 Nxf2 34. Kxf2 Rfe8 35. Nf3 Red8 36. Ke2 Rb6 37. Rc5 b4 38. Rc4 Re6+ 39. Re4 Rb6 40. Ne1 f5 41. Re5 Rd4 42. Bd3 Rb7 43. Nf3 Rd8 44. Bc4+ Kg7 45. Rd5 Rxd5 46. Bxd5 Ra7 47. Kd3 Rxa2 48. Kc4 Kf6 49. h4 h6 50. Kxb4 g5 51. hxg5+ hxg5 52. Kc3 f4 53. b4 Ra3+ 54. Kd2 g4 55. Ng1 Ke5 56. Bc6 f3 57. Ke1 Kf4 58. Ne2+ Ke3 59. Nc1 f2+ 60. Kf1 Ra1 0-1

[Event "Witwatersrand op"]
[Site "Witwatersrand"]
[Date "2017.07.04"]
[Round "3.2"]
[White "Chueu, Calvin"]
[Black "De Abreu, Roberto N"]
[Result "0-1"]
[WhiteElo "1511"]
[BlackElo "2111"]
[PlyCount "44"]
[EventDate "2017.07.03"]
[EventType "swiss"]
[EventRounds "9"]
[EventCountry "RSA"]
[SourceTitle "EXT 2018"]
[Source "ChessBase"]
[SourceDate "2017.10.13"]
[SourceVersion "1"]
[SourceVersionDate "2017.10.13"]
[SourceQuality "1"]

1. e4 e6 2. d4 d5 3. Nd2 Nf6 4. exd5 exd5 5. Ngf3 Bd6 6. Bd3 Bg4 7. Qe2+ Be7 8. h3 Bh5 9. Nb3 a5 10. Be3 a4 11. Nbd2 c6 12. 0-0 0-0 13. Bg5 Re8 14. Rfe1 Nbd7 15. g4 Bg6 16. Bxg6 hxg6 17. Qd3 Nf8 18. Re2 N6h7 19. Rae1 Ne6 20. Be3 Bd6 21. Ne5 Bxe5 22. dxe5 d4 0-1